Statistics for Busiest Airports by Continent

Click here to take the quiz!

General Stats

  • This quiz has been taken 65 times
  • The average score is 26 of 30

Answer Stats

PassengersAirport% Correct
80.9MLondon-Heathrow
96%
76.2MParis-de Gaulle
96%
101.0MBeijing-Capital
94%
21.2MJohannesburg
94%
107.4MAtlanta
92%
15.0MCairo
92%
70.6MFrankfurt
92%
42.2MSao Paulo-Guarulhos
92%
41.9MSydney
92%
87.1MTokyo-Haneda
92%
32.7MBogota
90%
10.8MCape Town
90%
23.8MLima
90%
87.5MLos Angeles
90%
36.7MMelbourne
90%
22.0MSao Paulo-Congonhas
90%
20.0MAuckland
88%
83.2MChicago-O'Hare
88%
74.7MHong Kong
88%
61.7MMadrid
88%
13.7MPerth
88%
23.3MSantiago
88%
74.1MShanghai-Pudong
88%
71.7MAmsterdam
85%
23.2MBrisbane
85%
89.1MDubai
83%
69.1MDallas-Fort Worth
77%
12.1MAddis Ababa
63%
64.5MDenver
62%
9.7MCasablanca
54%

Score Distribution

Percentile by Number Answered

Percent of People with Each Score

Your Score History

You have not taken this quiz